Statistiques concernant Capitales africaines

Cliquez ici pour prendre le quiz!

Statistiques générales

  • Ce quiz a été pris 989 fois
  • Le résultat moyen est 36 sur 57

Statistiques - réponses

payscapitale% Correct
AlgérieAlger
99%
ÉgypteLe Caire
97%
TunisieTunis
92%
MarocRabat
92%
DjiboutiDjibouti
90%
Afrique du Sud
(législative)
Le Cap
86%
Afrique du Sud
(exécutive)
Pretoria
85%
LibyeTripoli
85%
SénégalDakar
84%
Congo (Rép Dém)Kinshasa
83%
MaliBamako
83%
KenyaNairobi
83%
CongoBrazzaville
82%
Burkina FasoOuagadougou
81%
GabonLibreville
80%
CamerounYaoundé
78%
Guinée-BissauBissau
78%
ÉthiopieAddis-Abeba
76%
MadagascarAntananarivo
76%
Côte d'IvoireYamoussoukro
73%
São Tomé-
et-Príncipe
São Tomé
72%
Sierra LeoneFreetown
71%
GhanaAccra
69%
TogoLomé
69%
AngolaLuanda
67%
SoudanKhartoum
67%
GuinéeConakry
64%
MauritanieNouakchott
61%
Bénin (officielle)Porto-Novo
61%
SeychellesVictoria
59%
NigerNiamey
58%
Île MauricePort-Louis
58%
SomalieMogadiscio
57%
TchadNdjamena
57%
Cabo VerdePraia
56%
RwandaKigali
55%
République
Centrafricaine
Bangui
55%
ZimbabweHarare
55%
MozambiqueMaputo
54%
NamibieWindhoek
53%
ÉrythréeAsmara
53%
NigeriaAbuja
52%
BotswanaGaborone
51%
GambieBanjul
49%
LiberiaMonrovia
47%
EswatiniMbabane
47%
TanzanieDodoma
45%
ComoresMoroni
45%
MalawiLilongwe
44%
ZambieLusaka
44%
OugandaKampala
43%
Soudan du SudDjouba
41%
Guinée équatorialeMalabo
40%
Afrique du Sud
(judiciaire)
Bloemfontein
39%
LesothoMaseru
38%
BurundiGitega
29%
Bénin (de facto)Cotonou
25%

Distribution des résultats

Percentile par nombre de réponses

% des personnes avec chaque résultat

Votre développement - résultats

Vous n’avez pas pris ce quiz